Θέματα και πρόσωπα της κυπριακής λογοτεχνίας

Αποθηκεύτηκε σε:
Λεπτομέρειες βιβλιογραφικής εγγραφής
Κύριος συγγραφέας: Προυσής, Κώστας Μ.
Μορφή: Βιβλίο
Γλώσσα:Greek
Δημοσίευση: Κύπρος : Πολιτιστικό Ιδρυμα Τραπέζης Κύπρου, c1990
Θέματα:
Ετικέτες: Προσθήκη ετικέτας
Δεν υπάρχουν, Καταχωρήστε ετικέτα πρώτοι!

MARC

LEADER 00000nam a2200000 i 4500
001 1/82568
008 970311s1990 gre d
020 |a 9963-42-022-2 
035 |a 1992  |b 3  |c Δωρεά  |l 10033983 
040 |a GR-MY-UA  |b gre  |e aacr 
041 0 |a gre 
082 0 |a 889.01 
100 1 |a Προυσής, Κώστας Μ. 
245 1 0 |a Θέματα και πρόσωπα της κυπριακής λογοτεχνίας /  |c Κώστα Μ. Προυσή 
260 |a Κύπρος :   |b Πολιτιστικό Ιδρυμα Τραπέζης Κύπρου,   |c c1990 
300 |a 289 σ. 
650 0 0 |a Cyprian literature. 
650 0 0 |a Litterateurs  |z Cyprus  |x History and criticism. 
852 |a INST  |b RHODES  |e 19970311  |h 889.01 ΠΡΟ  |p 005400010654  |q 005400010654  |t BK  |y 0 
909 |a Ρ  |b 022281  |c 1992 
970 |z 2000/06/ΟΙΚΟΝΟΜΟΠΟΥΛΟΥ (SUBJECT)